[Event "AUTO-ADV-07"]
[Site "http://www.queenalice.com/game.php?id=2289"]
[Date "2004.11.28"]
[Round "1"]
[White "FranciscoGB"]
[Black "gamelover"]
[Result "0-1"]
[WhiteElo "1754"]
[BlackElo "1858"]

1. e4 c5 2. Nf3 d6 3. d4 cxd4 4. Nxd4 Nf6 5. Nc3 g6 6. f4 Nc6 7. Nxc6 bxc6 8. e5
Nd7 9. exd6 exd6 10. Be3 Nf6 11. Qf3 d5 12. Bd3 Bg7 13. Bc5 Be6 14. O-O Nd7 15.
Bf2 O-O 16. Rae1 Qa5 17. f5 Ne5 18. Qg3 Nxd3 19. cxd3 Bxf5 20. Re2 Bxc3 21. bxc3
Qxc3 22. Re3 Rfe8 23. Rxe8+ Rxe8 24. d4 Qxg3 25. Bxg3 f6 26. Re1 Re4 0-1

[Event "AUTO-ADV-07"]
[Site "http://www.queenalice.com/game.php?id=2294"]
[Date "2004.11.28"]
[Round "1"]
[White "FranciscoGB"]
[Black "ayrton"]
[Result "1-0"]
[WhiteElo "1720"]
[BlackElo "1404"]

1. e4 e5 2. Nf3 Nf6 3. d4 d5 4. Nxe5 dxe4 5. Bc4 Be6 6. Bxe6 fxe6 7. Bg5 c5 8.
Bxf6 gxf6 9. Qh5+ Ke7 10. Qf7+ Kd6 11. Qxb7 fxe5 12. dxc5+ Kxc5 13. Nc3 Nc6 14.
Nxe4+ Kd5 15. O-O-O Kxe4 16. Rhe1+ Kf5 17. Qf7+ Kg5 18. Rxd8 Rxd8 19. h4+ Kxh4
20. Qf6+ Kh5 21. Rh1+ Kg4 22. Rh4# 1-0

[Event "AUTO-ADV-07"]
[Site "http://www.queenalice.com/game.php?id=2295"]
[Date "2004.11.28"]
[Round "1"]
[White "ayrton"]
[Black "FranciscoGB"]
[Result "0-1"]
[WhiteElo "1386"]
[BlackElo "1727"]

1. e4 c5 2. Nf3 d6 3. d4 cxd4 4. Qxd4 Nc6 5. Qc3 Nf6 6. Bd3 g6 7. O-O Bg7 8. Bd2
Bg4 9. Bc4 O-O 10. Ng5 Nxe4 11. Bxf7+ Rxf7 12. Nxf7 Nxc3 13. Nxd8 Ne2+ 14. Kh1
Rxd8 15. f3 Bxb2 16. Na3 Bxa1 17. Rxa1 Bd7 18. c3 Rf8 19. Re1 Nf4 20. Re4 Nd5
21. c4 Ndb4 22. Re2 Re8 23. Bc3 Nd3 24. Nb5 Rc8 25. Be1 Nxe1 26. Rxe1 Ne5 27.
Nxa7 Rxc4 28. h3 Ra4 29. Rc1 Rxa7 30. Rc7 Bc6 31. Rxe7 Rxa2 32. Re6 Bxf3 33.
gxf3 Nxf3 34. Re3 Rh2# 0-1

[Event "Challenge"]
[Site "http://www.queenalice.com/game.php?id=3358"]
[Date "2005.1.4"]
[Round "-"]
[White "FranciscoGB"]
[Black "dnptrs"]
[Result "1/2-1/2"]
[WhiteElo "1729"]
[BlackElo "1799"]

1. e4 c5 2. Nf3 e6 3. c4 Nc6 4. Nc3 Nge7 5. d4 Nxd4 6. Nxd4 cxd4 7. Qxd4 Nc6 8.
Qe3 b6 9. Qg3 Qf6 10. Bf4 Bb4 11. e5 Bxc3+ 12. bxc3 Qg6 13. Bd3 Qxg3 14. Bxg3
Na5 15. Kd2 Bb7 16. f3 Rc8 17. Rhb1 Ke7 18. Rb4 Rc6 19. Be4 Rc7 20. Bxb7 Nxb7
21. Bf2 Rhc8 22. Kd3 Na5 23. c5 bxc5 24. Ra4 c4+ 25. Kc2 Nc6 26. Bc5+ Ke8 27.
Bd6 Rb7 28. Rxc4 Ne7 29. Rxc8+ Nxc8 30. Rd1 Nxd6 1/2-1/2

[Event "Challenge"]
[Site "http://www.queenalice.com/game.php?id=3490"]
[Date "2005.1.6"]
[Round "-"]
[White "jaimecarolina"]
[Black "FranciscoGB"]
[Result "1-0"]
[WhiteElo "1368"]
[BlackElo "1731"]

1. e4 c5 2. f4 Nc6 3. Nf3 e6 4. Bb5 d5 5. exd5 exd5 6. O-O Bd6 7. d4 Nf6 8. Re1+
Ne4 9. c4 a6 10. Ba4 b5 11. cxd5 Ne7 12. Rxe4 bxa4 13. Qxa4+ 1-0

[Event "AUTO-ADV-03"]
[Site "http://www.queenalice.com/game.php?id=3557"]
[Date "2005.1.8"]
[Round "2"]
[White "mandaragit"]
[Black "FranciscoGB"]
[Result "1-0"]
[WhiteElo "1985"]
[BlackElo "1768"]

1. d4 f5 2. Nc3 Nf6 3. Bg5 d5 4. Bxf6 exf6 5. e3 Be6 6. Bd3 Nc6 7. Nce2 Qd7 8.
c3 O-O-O 9. b4 Bd6 10. Qa4 Ne5 11. Qxd7+ Nxd7 12. Nf3 g6 13. a4 h5 14. a5 h4 15.
Nd2 h3 16. g3 g5 17. f4 g4 18. b5 1-0

[Event "AUTO-ADV-03"]
[Site "http://www.queenalice.com/game.php?id=3558"]
[Date "2005.1.8"]
[Round "2"]
[White "FranciscoGB"]
[Black "mandaragit"]
[Result "0-1"]
[WhiteElo "1761"]
[BlackElo "1992"]

1. e4 e6 2. d4 d5 3. Nc3 Nf6 4. e5 Nfd7 5. f4 c5 6. Nf3 Nc6 7. Be3 cxd4 8. Nxd4
Bc5 9. Qd2 Bxd4 10. Bxd4 Nxd4 11. Qxd4 Qb6 12. Qxb6 Nxb6 13. Nb5 Ke7 14. Nd6 Rb8
15. Bd3 Bd7 16. O-O Nc8 17. Nxc8+ Rbxc8 0-1

[Event "AUTO-ADV-03"]
[Site "http://www.queenalice.com/game.php?id=3559"]
[Date "2005.1.8"]
[Round "2"]
[White "dnptrs"]
[Black "FranciscoGB"]
[Result "0-1"]
[WhiteElo "1801"]
[BlackElo "1732"]

1. d4 f5 2. Nf3 Nf6 3. e3 e6 4. c4 Be7 5. Nc3 O-O 6. Qc2 Nc6 7. a3 d6 8. b4 Bd7
9. e4 e5 10. dxe5 dxe5 11. Be3 f4 12. Bd2 Nd4 13. Nxd4 exd4 14. Ne2 Bc6 15. Nxf4
Nxe4 16. Ne6 Qe8 17. Nxf8 Qxf8 18. O-O-O Nxf2 19. Bd3 Nxh1 20. Bxh7+ Kh8 21.
Rxh1 Bxg2 22. Rd1 Qf2 23. Be4 Bf3 24. Re1 Bg5 0-1

[Event "AUTO-ADV-03"]
[Site "http://www.queenalice.com/game.php?id=3560"]
[Date "2005.1.8"]
[Round "2"]
[White "FranciscoGB"]
[Black "dnptrs"]
[Result "1-0"]
[WhiteElo "1751"]
[BlackElo "1774"]

1. e4 c5 2. Nf3 e6 3. c4 Nc6 4. Nc3 Qb6 5. d3 Be7 6. Be2 Nd4 7. O-O a6 8. Be3
Nxe2+ 9. Qxe2 d6 10. Rab1 Qc7 11. d4 cxd4 12. Bxd4 Nf6 13. e5 dxe5 14. Bxe5 Bd6
15. Bxf6 gxf6 16. Nd5 Qd8 17. Rbd1 Bd7 18. Nxf6+ Qxf6 19. Rxd6 O-O-O 20. Ne5 Bc6
21. Rxd8+ Rxd8 22. Nxc6 bxc6 23. c5 Kb7 24. Re1 Qd4 25. Qf3 Qd7 26. Qb3+ Ka8 27.
Qb6 Qc8 28. h3 Rd3 29. Re4 Qb7 30. Rb4 Rd1+ 31. Kh2 Rd7 32. Qxb7+ Rxb7 33. Rxb7
1-0

[Event "AUTO-ADV-01"]
[Site "http://www.queenalice.com/game.php?id=3705"]
[Date "2005.1.12"]
[Round "2"]
[White "FranciscoGB"]
[Black "divukman"]
[Result "0-1"]
[WhiteElo "1754"]
[BlackElo "1848"]

1. e4 e5 2. Nf3 Nf6 3. d4 Nxe4 4. Bd3 d5 5. Nxe5 Nd7 6. Nxd7 Bxd7 7. O-O Bd6 8.
Qh5 c6 9. Nd2 Nf6 10. Re1+ Be7 11. Qf3 O-O 12. Qf4 Re8 0-1

[Event "AUTO-ADV-01"]
[Site "http://www.queenalice.com/game.php?id=3706"]
[Date "2005.1.12"]
[Round "2"]
[White "divukman"]
[Black "FranciscoGB"]
[Result "1-0"]
[WhiteElo "1835"]
[BlackElo "1754"]

1. d4 Nf6 2. c4 g6 3. Nc3 Bg7 4. e4 d6 5. Nf3 O-O 6. Bd3 c5 7. d5 e6 8. dxe6
fxe6 9. Bg5 Nbd7 10. Bc2 Qb6 11. Rb1 h6 12. Bf4 1-0

[Event "Challenge"]
[Site "http://www.queenalice.com/game.php?id=14939"]
[Date "2005.6.1"]
[Round "-"]
[White "jimwilson"]
[Black "FranciscoGB"]
[Result "0-1"]
[WhiteElo "1801"]
[BlackElo "1701"]

1. d4 f5 2. e4 d6 3. exf5 Bxf5 4. Qf3 Qc8 5. Bd3 Bxd3 6. Qxd3 Nc6 7. Nf3 Nf6 8.
O-O e5 9. dxe5 dxe5 10. Re1 Bd6 11. Bg5 Qd7 12. Nc3 O-O-O 13. Nd5 e4 14. Nxf6
gxf6 15. Qxe4 fxg5 16. Nxg5 h6 17. Nf3 Qg7 18. g3 Qxb2 19. Qe6+ Kb8 20. Rab1
Qxc2 21. Rec1 Qa4 22. Rc4 Qxa2 23. Qe4 Rhe8 24. Rxb7+ Kxb7 25. Qxc6+ Kb8 26. Rc2
Qb1+ 27. Kg2 Qb7 28. Qc3 Bb4 29. Qc4 Rf8 30. Qb3 Rf6 31. Re2 Rdf8 32. Re3 Rxf3
33. Rxf3 Rxf3 34. Qxf3 a5 0-1

[Event "Challenge"]
[Site "http://www.queenalice.com/game.php?id=16294"]
[Date "2005.6.15"]
[Round "-"]
[White "salso"]
[Black "FranciscoGB"]
[Result "0-1"]
[WhiteElo "1658"]
[BlackElo "1721"]

1. d4 f5 2. e3 Nf6 3. Nf3 e6 4. c4 Bb4+ 5. Nc3 O-O 6. Bd2 b6 7. Qb3 Qe7 8. a3
Ba5 9. Bd3 Bb7 10. Qc2 Bxc3 11. Bxc3 Ne4 12. O-O-O Nxc3 13. Qxc3 Bxf3 14. gxf3
Qh4 15. Qe1 d6 16. Qg1 c5 17. dxc5 bxc5 18. Qg2 Nd7 19. Rhg1 Rf7 20. f4 Rb8 21.
f3 Qf6 22. Rd2 e5 23. Qg5 exf4 24. exf4 Qd4 25. h4 Rxb2 26. Rxb2 Qxd3 27. Rd1
Qxc4+ 28. Kb1 Rf6 29. Qg3 Qa4 30. Qe1 Qxf4 31. Qe8+ Nf8 32. Qc6 Qxh4 33. Rxd6
Qe1+ 34. Ka2 Rxd6 35. Qxd6 h5 36. Qd5+ Qe6 37. Qxe6+ Nxe6 38. Rh2 Nf4 39. Kb3 g5
40. Kc4 g4 41. Kxc5 g3 42. Rd2 g2 43. Rd1 h4 0-1

[Event "sÃ£o paulo"]
[Site "http://www.queenalice.com/game.php?id=20981"]
[Date "2005.7.22"]
[Round "-"]
[White "valdir"]
[Black "FranciscoGB"]
[Result "0-1"]
[WhiteElo "1553"]
[BlackElo "1763"]

1. Nc3 f5 2. e3 Nf6 3. Bd3 e6 4. h3 b6 5. a3 Bb7 6. f3 Nh5 7. Nge2 Qh4+ 8. Kf1
Bd6 9. f4 g5 10. Qe1 Qxe1+ 11. Kxe1 gxf4 12. e4 Ng3 13. Nxg3 fxg3 14. Rg1 Rf8
15. exf5 Bc5 16. Kf1 Bxg1 17. Kxg1 exf5 18. b4 Nc6 19. Bb2 O-O-O 20. Ne2 f4 21.
Be4 Rde8 22. d3 Ne5 23. Nd4 Bxe4 24. dxe4 Nc4 25. Bc3 Rxe4 26. Nb5 a6 27. Nd4
Re3 28. Be1 Rfe8 29. Nf3 Re2 30. a4 Ne3 31. Nh4 Nxc2 32. Nf3 Nxa1 33. Kf1 Nc2
34. Bc3 Rf2+ 35. Kg1 Ne3 36. Ne1 Rf1# 0-1

[Event "Challenge"]
[Site "http://www.queenalice.com/game.php?id=21469"]
[Date "2005.7.26"]
[Round "-"]
[White "FranciscoGB"]
[Black "jimwilson"]
[Result "1-0"]
[WhiteElo "1755"]
[BlackElo "1853"]

1. e4 d5 2. exd5 Nf6 3. d4 Bg4 4. Bb5+ Nbd7 5. f3 Bf5 6. g4 Bg6 7. h4 h6 8. h5
Bh7 9. Nc3 a6 10. Bd3 Nb6 11. Bxh7 Nxh7 12. Bf4 Nf6 13. Nge2 Nfxd5 14. Nxd5 Nxd5
15. Qd2 e6 16. O-O-O Be7 17. Kb1 Nxf4 18. Qxf4 Bd6 19. Qe4 b5 20. Qc6+ Ke7 21.
Rhe1 Qd7 22. Qe4 Rad8 23. d5 Rhe8 24. Qh7 Be5 25. f4 Rh8 26. Qe4 Bf6 27. Nd4
Bxd4 28. Qxd4 Kf8 29. dxe6 Qxd4 30. e7+ 1-0

[Event "AUTO-MASTER-22"]
[Site "http://www.queenalice.com/game.php?id=21693"]
[Date "2005.7.28"]
[Round "1"]
[White "jimwilson"]
[Black "FranciscoGB"]
[Result "1-0"]
[WhiteElo "1866"]
[BlackElo "1775"]

1. d4 f5 2. c4 Nf6 3. Nc3 e6 4. Nf3 Be7 5. e3 O-O 6. Bd3 b6 7. O-O Bb7 8. Re1
Qe8 9. e4 fxe4 10. Nxe4 Nxe4 11. Bxe4 Bxe4 12. Rxe4 Qg6 13. Qe2 Bd6 14. Bd2 Nc6
15. Re1 Rae8 16. d5 Nd8 17. Ne5 Bxe5 18. Rxe5 Rf5 19. Re3 e5 20. Ra3 a5 21. c5
e4 22. Rg3 Qf7 23. Bc3 g6 24. cxb6 cxb6 25. Qe3 Qxd5 26. f3 Qf7 27. Qd4 Kf8 28.
fxe4 Rf4 29. Bd2 Rexe4 30. Qxe4 Rxe4 31. Rxe4 Qxa2 32. Bh6+ 1-0

[Event "AUTO-MASTER-22"]
[Site "http://www.queenalice.com/game.php?id=21694"]
[Date "2005.7.28"]
[Round "1"]
[White "FranciscoGB"]
[Black "jimwilson"]
[Result "1-0"]
[WhiteElo "1734"]
[BlackElo "1855"]

1. e4 c6 2. c4 d5 3. cxd5 cxd5 4. exd5 Nf6 5. Nc3 Nxd5 6. Nf3 Bg4 7. Bc4 Nf4 8.
Bxf7+ Kxf7 9. Ne5+ Ke8 10. Qxg4 Nd3+ 11. Nxd3 Qxd3 12. Qc8+ Qd8 13. Qxb7 Nd7 14.
O-O e5 15. Re1 Be7 16. d4 exd4 17. Nd5 1-0

[Event "AUTO-MASTER-22"]
[Site "http://www.queenalice.com/game.php?id=21705"]
[Date "2005.7.28"]
[Round "1"]
[White "bienopia"]
[Black "FranciscoGB"]
[Result "0-1"]
[WhiteElo "1699"]
[BlackElo "1798"]

1. f4 d5 2. Nf3 g6 3. d4 Bg7 4. e3 Nf6 5. Be2 Nc6 6. c4 O-O 7. b3 Bf5 8. cxd5
Nxd5 9. Bd2 Qd6 10. O-O Nxf4 11. Bc4 e5 12. exf4 e4 13. Bc3 exf3 14. Qxf3 Bxd4+
15. Kh1 Rae8 16. Rd1 Bc2 17. Rf1 Re3 18. Qg4 Bf5 19. Qh4 Bxc3 20. Nxc3 Rxc3 21.
Rad1 Qa3 22. Qf6 Rc2 23. Rfe1 Bg4 24. Re8 Rxc4 25. Rde1 Rc2 26. Qa1 Rxa2 27.
Rxf8+ Qxf8 28. Qxa2 Bf5 29. h3 Be6 30. g4 Qb4 31. Qa1 Qxf4 32. Qc3 Bd5+ 33. Kg1
Nd4 34. Re8+ Kg7 35. Re7 Kf6 36. Re3 Bxb3 37. Kg2 Bd5+ 38. Kg1 Kg5 39. Qa3 Nf3+
40. Kf1 Bc4+ 41. Kf2 Nd4+ 42. Kg2 Qf1+ 43. Kh2 Qf2+ 44. Kh1 Bd5+ 0-1

[Event "AUTO-MASTER-22"]
[Site "http://www.queenalice.com/game.php?id=21706"]
[Date "2005.7.28"]
[Round "1"]
[White "FranciscoGB"]
[Black "bienopia"]
[Result "1-0"]
[WhiteElo "1785"]
[BlackElo "1712"]

1. e4 a6 2. d4 c6 3. Nc3 d5 4. Nf3 h6 5. Be2 Bg4 6. Bf4 e6 7. O-O Bb4 8. Qd3 Nf6
9. e5 Nfd7 10. a3 Ba5 11. b4 Bb6 12. Na4 Ba7 13. Nc5 Qc7 14. c3 Nb6 15. Nh4 Bxe2
16. Qxe2 Nc4 17. Nf3 Nd7 18. Nxd7 Qxd7 19. Nd2 b5 20. Nxc4 bxc4 21. Qg4 g5 22.
Be3 O-O-O 23. f4 gxf4 24. Rxf4 Rdg8 25. Qh5 Rh7 26. Raf1 Rg5 27. Qe2 Rhg7 28.
Rf6 Rxg2+ 29. Qxg2 Rxg2+ 30. Kxg2 Qe7 31. Bxh6 Qe8 32. Rxf7 Qg8+ 33. Rg7 Qh8 34.
Rf8+ Qxf8 35. Rc7+ Kxc7 36. Bxf8 Kd7 37. h4 Ke8 38. Bc5 Bb8 39. Bb6 Kf7 40. h5
Kg7 41. Kg3 Kh7 42. Kh4 Kh6 43. a4 1-0

[Event "AUTO-MASTER-22"]
[Site "http://www.queenalice.com/game.php?id=21711"]
[Date "2005.7.28"]
[Round "1"]
[White "alib2004"]
[Black "FranciscoGB"]
[Result "0-1"]
[WhiteElo "1710"]
[BlackElo "1771"]

1. e4 c5 2. Nf3 d6 3. Bc4 Nf6 4. O-O Nc6 5. Nc3 e6 6. d4 cxd4 7. Nxd4 Be7 8.
Nxc6 bxc6 9. Re1 O-O 10. Bf4 e5 11. Bg3 Qb6 12. Rb1 Bg4 13. Be2 Be6 14. a3 a5
15. Bd3 Bg4 16. Qd2 Nh5 17. Qg5 Bxg5 0-1

[Event "AUTO-MASTER-22"]
[Site "http://www.queenalice.com/game.php?id=21712"]
[Date "2005.7.28"]
[Round "1"]
[White "FranciscoGB"]
[Black "alib2004"]
[Result "0-1"]
[WhiteElo "1810"]
[BlackElo "1615"]

1. e4 c5 2. Nf3 Nc6 3. d4 cxd4 4. Nxd4 e5 5. Nb5 a6 6. Nd6+ Bxd6 7. Qxd6 Nf6 8.
Nc3 Qe7 9. Qxe7+ Nxe7 10. Bg5 d6 11. Bc4 b5 12. Bxf6 gxf6 13. Bd5 Nxd5 14. Nxd5
Ra7 15. Nxf6+ Ke7 16. Nd5+ Kf8 17. O-O-O Rg8 18. Rhg1 Be6 19. h3 a5 20. g4 a4
21. Nb4 Kg7 22. Rxd6 Rc8 23. a3 Rac7 24. Rgd1 Rc4 25. f3 h6 0-1